Trying to define an open market (Record no. 39292)

MARC details
000 -LEADER
fixed length control field 00838cab a2200217 4500
001 - CONTROL NUMBER
control field ABS52141
008 - FIXED-LENGTH DATA ELEMENTS--GENERAL INFORMATION
fixed length control field 090401t1995 xxu||||| |||| 00| 0 eng d
035 ## - SYSTEM CONTROL NUMBER
System control number (Sirsi) u63195
041 ## - LANGUAGE CODE
Language code of text/sound track or separate title eng
100 ## - MAIN ENTRY--PERSONAL NAME
Personal name Taylor, P.
245 ## - TITLE STATEMENT
Title Trying to define an open market
260 ## - PUBLICATION, DISTRIBUTION, ETC.
Date of publication, distribution, etc. 1995
350 ## - PRICE (NR) (BK AM CF MU VM SE) [OBSOLETE]
Price 0
490 ## - SERIES STATEMENT
Series statement Estates Times
Volume/sequential designation (1264) 27 January 1995, 6(1)
520 ## - SUMMARY, ETC.
Summary, etc. Discusses cases which consider the position of a special tenant in rent reviews including "Baptist and another v Masters of the Bench of the Honourable Society of Grays Inn" (Abs48517), "First Leisure Trading Ltd v Dorita Properties Limited" (Abs50169) and "British Airways plc v Heathrow Airport Ltd" (Abs46425).
650 ## - SUBJECT ADDED ENTRY--TOPICAL TERM
Topical term or geographic name entry element RENT REVIEWS
650 ## - SUBJECT ADDED ENTRY--TOPICAL TERM
Topical term or geographic name entry element SPECIAL TENANT
690 ## - LOCAL SUBJECT ADDED ENTRY--TOPICAL TERM (OCLC, RLIN)
Topical term or geographic name as entry element LANDLORD AND TENANT-RENT REVIEWS
942 ## - ADDED ENTRY ELEMENTS (KOHA)
Suppress in OPAC 0
948 ## - LOCAL PROCESSING INFORMATION (OCLC); SERIES PART DESIGNATOR (RLIN)
c (OCLC) 04/03/1997
Holdings
Withdrawn status Lost status Source of classification or shelving scheme Damaged status Not for loan Home library Current library Shelving location Date acquired Total Checkouts Full call number Barcode Date last seen Copy number Price effective from Koha item type
    Dewey Decimal Classification     London London Journal article 14/09/1999   ABS52141 63195-1001 06/08/2019 1 06/08/2019 Journal article